Champions d'automne - Ligue 1 - Statistiques

Statistiques générales
  • Ce quiz a été pris 71 fois
  • Le résultat moyen est 48 sur 51
Statistiques - réponses
Saison Club % Correct
1985-1986 Paris Saint-Germain
100%
1988-1989 Paris Saint-Germain
100%
1993-1994 Paris Saint-Germain
100%
1995-1996 Paris Saint-Germain
100%
1996-1997 Paris Saint-Germain
100%
2011-2012 Paris Saint-Germain
100%
2012-2013 Paris Saint-Germain
100%
2013-2014 Paris Saint-Germain
100%
2015-2016 Paris Saint-Germain
100%
2017-2018 Paris Saint-Germain
100%
2018-2019 Paris Saint-Germain
100%
2019-2020 Paris Saint-Germain
100%
2021-2022 Paris Saint-Germain
100%
2022-2023 Paris Saint-Germain
100%
2023-2024 Paris Saint-Germain
100%
2024-2025 Paris Saint-Germain
100%
2004-2005 Olympique lyonnais
98%
2005-2006 Olympique lyonnais
98%
2006-2007 Olympique lyonnais
98%
2007-2008 Olympique lyonnais
98%
2008-2009 Olympique lyonnais
98%
2020-2021 Olympique lyonnais
98%
2001-2002 RC Lens
98%
2025-2026 RC Lens
98%
2010-2011 Lille OSC
95%
1977-1978 Olympique de Marseille
95%
1986-1987 Olympique de Marseille
95%
1990-1991 Olympique de Marseille
95%
1991-1992 Olympique de Marseille
95%
2002-2003 Olympique de Marseille
95%
2014-2015 Olympique de Marseille
95%
1983-1984 Girondins de Bordeaux
94%
1991-1990 Girondins de Bordeaux
94%
1998-1999 Girondins de Bordeaux
94%
2000-2001 Girondins de Bordeaux
94%
2009-2010 Girondins de Bordeaux
94%
1975-1976 AS Saint-Étienne
91%
1981-1982 AS Saint-Étienne
91%
1979-1980 AS Monaco
89%
1987-1988 AS Monaco
89%
1999-2000 AS Monaco
89%
2003-2004 AS Monaco
89%
1976-1977 FC Nantes
88%
1980-1981 FC Nantes
88%
1982-1983 FC Nantes
88%
1984-1985 FC Nantes
88%
1994-1995 FC Nantes
88%
2016-2017 OGC Nice
86%
1992-1993 AJ Auxerre
77%
1978-1979 RC Strasbourg
75%
1997-1998 FC Metz
66%
Aucun quiz correspondant
Distribution des résultats
% des personnes avec chaque résultat
Percentile par nombre de réponses
Votre historique - résultats
Vous n’avez pas pris ce quiz